000 00624nam a2200193Ii 4500
003 JO-AjNU
008 230605s9999||||xx |||||||||||||| ||und||
040 _aJO-AjNU
_bara
_erda
_cJO-AjNU
041 _aara
050 1 4 _aPJ7700.J27.A17 1900
100 3 _aد.م,
_eauthor
_916536
245 0 0 _aشرح ديوان جميل بثينة
264 3 1 _aبيروت:المكتبة الثقافية،1900
300 _a126ص
336 _atext
_btxt
_2rdacontent
337 _aunmediated
_bn
_2rdamedia
338 _avolume
_bnc
_2rdacarrier
650 4 _a الشعر العربي - تاريخ ونقد - العصر الأموي
_916537
999 _aA4924
_c8492
_d8492